| 000 | 00384nam a2200121Ia 4500 | ||
|---|---|---|---|
| 008 | 170224s9999 xx 000 0 und d | ||
| 245 | 4 | _aThe Top Health Care News Story of 2015: Continuing Gaps in Health Care Access, Services for the Most Vulnerable Americans | |
| 260 | _bAmerican Journal of Nursing | ||
| 260 | _c2016 | ||
| 300 | _a116:1 | ||
| 500 | _aJanuary | ||
| 650 | _xNursing. | ||
| 999 |
_c316932 _d316932 |
||